Statistiques concernant Complétez les paroles de Johnny Hallyday

Cliquez ici pour prendre le quiz!

Statistiques générales

  • Ce quiz a été pris 404 fois
  • Le résultat moyen est 6 sur 12

Statistiques - réponses

ParolesSuite% Correct
J'y crois comme à la terre, j'y crois comme au soleil, j'y crois comme un enfant, comme __ ____ ______ __ ____on peut croire au ciel
85%
Oh Marie si tu savais tout le mal que l'on me fait, oh Marie si je pouvais dans tes bras nus __ _______me reposer
82%
Sentir le vent qui se déchaîne, battre le sang ____ ___ ______dans nos veines
78%
J'ai oublié les rêves et les merci, toutes ces choses qui avaient un prix, qui font _ _____ __ _____ __ __ _____l'envie de vivre et le désir
63%
Dites au curé, dites au pasteur qu'ailleurs ils aillent __ _____ ______se faire pendre
57%
Le blues, ça veut dire que je t'aime et que j'ai mal _ __ ______à en crever
50%
Quand l'ombre et la lumière dessinent sur ton corps des montagnes, des forêts et ___ ____ ___ _______des îles aux trésors
47%
Vivre pour le meilleur, debout pour tout se donner, plus riche de __ ____ ______ ___ _ _____ne rien garder que l'amour
42%
On a tous quelque chose en nous de Tennessee, cette volonté __ _________ __ ____de prolonger la nuit
37%
Et moi qui danse ma vie, qui chante et qui rit, je _____ _ ___pense à lui
35%
J'ai pas toujours trouvé les mots pour bercer tes rêves d'enfant, ensemble __ ___ ______ _____on est devenu grand
34%
Oh, mères, écoutez-moi, ne laissez jamais vos garçons, seuls la nuit ______ ____ ___ ____traîner dans les rues
25%

Distribution des résultats

Percentile par nombre de réponses

% des personnes avec chaque résultat

Votre développement - résultats

Vous n’avez pas pris ce quiz